000
00285nam a2200133Ia 4500
100
_a
Schwabl/Framy
942
_c
BK
654
_a
quantum
245
_a
Quantum mechanics
260
_b
Narosa Pub House
_a
Singapore
_c
1992
082
_a
530.12
_b
SCH
300
_a
407
546
_a
ENGLISH
999
_c
34771
_d
34771